TERMINAL (Record no. 2498)
[ view plain ]
| 000 -LEADER | |
|---|---|
| fixed length control field | 00542nam a22001457a 4500 |
| 020 ## - INTERNATIONAL STANDARD BOOK NUMBER | |
| ISBN | 0-330-32148-X |
| 082 ## - DEWEY DECIMAL CLASSIFICATION NUMBER | |
| Classification number | 823 |
| Item number | COO/T |
| 100 ## - MAIN ENTRY--AUTHOR NAME | |
| Personal name | COOK,ROBIN |
| 245 ## - TITLE STATEMENT | |
| Title | TERMINAL |
| 260 ## - PUBLICATION, DISTRIBUTION, ETC. (IMPRINT) | |
| Place of publication | LONDON |
| Name of publisher | PAN BOOKS |
| 300 ## - PHYSICAL DESCRIPTION | |
| Number of Pages | 445 |
| 520 ## - SUMMARY, ETC. | |
| Summary, etc | Terminal, by Robin Cook, is a medical mystery about a man named Sean Murphy. Sean Murphy is a young medical student studying cancer biology, and he learns about a Florida based cancer treatment center with 100% success rate for a certain type of tumor. |
| 650 ## - SUBJECT ADDED ENTRY--TOPICAL TERM | |
| Topical Term | NOVEL,ENGLISH |
| Geographic subdivision | LONDON |
| 942 ## - ADDED ENTRY ELEMENTS (KOHA) | |
| Koha item type | Books |
| Withdrawn status | Lost status | Collection code | Home library | Current library | Shelving location | Date acquired | Source of acquisition | Cost, normal purchase price | Full call number | Accession Number | Koha item type |
|---|---|---|---|---|---|---|---|---|---|---|---|
| Fiction | Main Library | Main Library | SHELF-2-E ENGLIAH NOVEL TEACHERS | 05/01/2010 | PURCHASE | 195.00 | 823 COO/T | 04907 | Books |